[Event "FRA-chT U18"]
[Site "France"]
[Date "1996.??.??"]
[Round "?"]
[White "Cour, Timothee"]
[Black "Dulong, Damien"]
[Result "1-0"]
[WhiteElo "2095"]
[BlackElo "1730"]
[PlyCount "75"]
[EventDate "1996.??.??"]
[EventType "team"]
[EventRounds "11"]
[EventCountry "FRA"]
[SourceTitle "EXT 2004"]
[Source "ChessBase"]
[SourceDate "2003.11.25"]
[SourceVersion "1"]
[SourceVersionDate "2003.11.25"]
[SourceQuality "1"]

1. e4 c5 2. Nf3 e6 3. d4 cxd4 4. Nxd4 a6 5. c4 Qc7 6. Nc3 Bb4 7. Bd2 Nf6 8. Bd3 Qd6 9. Be3 Nc6 10. Nb3 Ne5 11. Bd4 Nxd3+ 12. Qxd3 e5 13. 0-0-0 0-0 14. Bc5 Qxd3 15. Rxd3 Bxc5 16. Nxc5 b6 17. Nb3 Bb7 18. f3 Rac8 19. Nd2 Rfd8 20. Kb1 Bc6 21. Rd1 b5 22. b3 b4 23. Ne2 a5 24. Nf1 g6 25. Kb2 Bb7 26. Ne3 Bc6 27. R1d2 Bb7 28. Ng1 Kg7 29. Nh3 Rc6 30. Nf2 h5 31. Nd5 Rd6 32. Nxf6 Rxd3 33. Nxh5+ gxh5 34. Nxd3 Kf6 35. Ne1 Ke7 36. Nc2 d6 37. Ne3 h4 38. Nf5+ 1-0